Statistics for Footballers by Career - Ajax

Click here to take the quiz!

General Stats

  • This quiz has been taken 113 times
  • The average score is 8 of 10

Answer Stats

Player% Correct
Christian Eriksen
98%
Luis Suárez
95%
Daley Blind
84%
Jari Litmanen
83%
Edwin van der Sar
82%
Frank de Boer
81%
Dennis Bergkamp
80%
Rafael van der Vaart
75%
Siem de Jong
60%
John Heitinga
45%

Score Distribution

Percentile by Number Answered

Percent of People with Each Score

Your Score History

You have not taken this quiz